000 01243nam a2200289 i 4500
001 155903
003 ES-MaACL
005 20250802063117.0
008 040722s1849 fr a |||| | fre d
040 _aCAM
_bspa
_cCAM
100 1 _aInchbald, Elisabeth,
_d1753-1821
_9128176
245 1 1 _a[Simple histoire /
_cpar Mistriss Inchbald ; dessins par J.A. Beaucé ; gravures par A. Lavieille].
260 _aParis :
_bGustave Havard,
_c[s.a.] (
_fImprimerie Schneider)
300 _a48 p. :
_bil. ;
_c29 cm.
490 1 _aRomans, contes et nouvelles illustrés
505 8 _aContiene también: Un juste et deux coupables : nouvelle dialoguée en vers / par Célestin Rebourg : p. 41-48
594 _aTít. y autor tomados de principio del texto.
597 _aTexto a dos col.
599 _aIl. xil. en cabecera de texto de la primera pág., enmarcando el nombre de la serie.
599 _aIl. xil. intercaladas en el texto.
700 0 _aBeaucé, Jean Adolphe.
_926804
700 1 _aLavieille, A.
_9128754
700 1 _aRebourg, Célestine.
_9152802
830 0 _aRomans, contes et nouvelles illustrés
_9188019
852 _aES-MaACL
_jR-1716(12)
_z-- Enc. hol.
_z-- Enc. en un vol. facticio
999 _c155903
_d155903